Second-order spread-of-plasticity analysis of spatial steel frames /
Saved in:
| Main Author: | |
|---|---|
| Format: | Thesis Book |
| Language: | English |
| Published: |
2001.
|
| Tags: |
Add Tag
No Tags, Be the first to tag this record!
|
| LEADER | 00725cam a2200217 a 4500 | ||
|---|---|---|---|
| 001 | u505263 | ||
| 003 | SIRSI | ||
| 008 | 020917s2001 si v 00 1 eng m | ||
| 035 | |a ACV-9505 | ||
| 040 | |a UMM | ||
| 090 | |a TA145 |b NUS 2001 Jia | ||
| 100 | 1 | 0 | |a Jiang, Xiaomo. |
| 245 | 1 | 0 | |a Second-order spread-of-plasticity analysis of spatial steel frames / |c by Jiang Xiaomo. |
| 260 | |c 2001. | ||
| 300 | |a xiv, 160 leaves : |b ill. ; |c 30 cm. | ||
| 502 | |a Dissertation (M.Eng.) -- National University of Singapore, 2001. | ||
| 504 | |a Bibliography: leaves 149-156. | ||
| 948 | |a 11/10/2002 |b 11/11/2002 | ||
| 596 | |a 1 | ||
| 598 | |||
| 999 | |a TA145 NUS 2001 JIA |w LC |c 1 |i A510911052 |l B_KOM4 |m P01UTAMA |r Y |s Y |t TESIS |u 15/11/2002 |o .PUBLIC. BKOM 4 : 44321 | ||
